000 00658nam a2200181 i 4500
001 134391
003 ES-MaACL
005 20250729062628.0
007 t|
008 070910s1961 sp ||||1| spa d
100 1 _aXifra Heras, Jorge.
_9117505
245 1 0 _aInstituciones y sistemas políticos
_b: la estructura constitucional de España : segundo curso de formación política en las universidades y centros de enseñanza superior /
_cJorge Xifra Heras.
260 _aBarcelona :
_bBosch : [Clarasó,
_c1961]
300 _a274 p. ;
_c25 cm.
650 7 _aPolítica
_2embne
_9140345
852 _aES-MaACL
_jC-20799
_bR.49276
999 _c134391
_d134391